الإسلام والحضارة الإنسانية / (Record no. 16276)
[ view plain ]
| 000 -الفاتح | |
|---|---|
| حقل البيانات ثابتة الطول | 00812nam a22001697a 4500 |
| 008 - عناصر البيانات ثابتة الطول - معلومات عامة | |
| حقل البيانات ثابتة الطول | 111129s1982 le|||||r|||| 00| 0 ara d |
| 082 ## - رقم تصنيف ديوى العشرى | |
| رقم الطبعة | 22 |
| رقم التصنيف | 214.9019 |
| رقم المادة | خ ف ا |
| 100 ## - المدخل الرئيسى - إسم شخصى | |
| 9 (RLIN) | 13834 |
| الإسم الشخصى | خفاجى, محمد عبد المنعم. |
| 245 ## - بيان العنوان | |
| العنوان | الإسلام والحضارة الإنسانية / |
| بيان المسئوليه,etc | محمد عبد المنعم خفاجي. |
| 260 ## - PUBLICATION, DISTRIBUTION, ETC. (IMPRINT) | |
| مكان الناشر او الموزع | بيروت : |
| اسم الناشر او الموزع | دار الكتاب اللبناني، |
| تاريخ النشر أو التوزيع | 1982. |
| 300 ## - الوصف المادى | |
| التعداد | 366 ص. ؛ |
| أبعاد الوعاء | 24 سم. |
| 504 ## - تبصرة ببليوجرافية | |
| تبصرة ببليوجرافية,الخ | يشتمل على إرجاعات ببليوجرافية ص 361-364 |
| 650 ## - المدخل الاضافى بالموضوع-مصطلح موضوعى | |
| 9 (RLIN) | 27939 |
| مصطلح موضوعي أو اسم جغرافي كعنصر مدخل | الاسلام والحضارة |
| 653 ## - مصطلح تكشيفى غير مقيد | |
| Resource For college | |
| Arrived date list | November2011 |
| 942 ## - عناصر المدخل الإضافي( كوها) | |
| مصدر التصنيف او مخطط الترفيف | Dewey Decimal Classification |
| Koha [default] item type | Book - Borrowing |
| حالة التراجع | حالة الفقد | مصدر التصنيف او خطة الترفيف | حالة تلف | ليس للاعارة | مجموعات كوها | المكان الدائم | المكان الحالي | موقع الترفيف | تاريخ الاكتساب | Source of acquisition | رقم الاستدعاء | الباركود | Date last seen | نوع الوعاء |
|---|---|---|---|---|---|---|---|---|---|---|---|---|---|---|
| Dewey Decimal Classification | Alef-Baa | Central Library | Central Library | Lower Floor | 29/11/2011 | 214.9019 خ ف ا | 000025742 | 15/07/2025 | Book - Borrowing |